|
|
|
|
| LEADER |
01681nam a2200421 4500 |
| 001 |
ocn797830988 |
| 003 |
OCoLC |
| 005 |
20180501122000.0 |
| 006 |
m o d |
| 007 |
cr cn||||||||| |
| 008 |
120608s2012 caua ob 001 0 eng d |
| 040 |
|
|
|a E7B
|b eng
|e pn
|c E7B
|d OCLCO
|d UIU
|d N$T
|d OCLCQ
|d OCLCF
|d YDXCP
|d DEBBG
|d OCLCQ
|d TFW
|d GrThAP
|
| 020 |
|
|
|a 9780123983183
|q (electronic bk.)
|
| 020 |
|
|
|a 0123983185
|q (electronic bk.)
|
| 020 |
|
|
|a 9780123983121
|
| 035 |
|
|
|a (OCoLC)797830988
|
| 050 |
|
4 |
|a QP601
|b .S77 2012eb
|
| 072 |
|
7 |
|a SCI
|x 056000
|2 bisacsh
|
| 082 |
0 |
4 |
|a 574.19
|
| 049 |
|
|
|a TEFA
|
| 245 |
0 |
0 |
|a Structural and mechanistic enzymology :
|b bringing together experiments and computing /
|c edited by Christo Christov, Tatyana Karabencheva-Christova.
|
| 250 |
|
|
|a 1st ed.
|
| 260 |
|
|
|a San Diego, Calif. :
|b Academic Press,
|c 2012.
|
| 300 |
|
|
|a 1 online resource (ix, 459 pages :) :
|b illustrations.
|
| 336 |
|
|
|a text
|b txt
|2 rdacontent
|
| 337 |
|
|
|a computer
|b c
|2 rdamedia
|
| 338 |
|
|
|a online resource
|b cr
|2 rdacarrier
|
| 490 |
1 |
|
|a Advances in protein chemistry and structural biology,
|x 1876-1623 ;
|v v. 87
|
| 504 |
|
|
|a Includes bibliographical references and indexes.
|
| 650 |
|
0 |
|a Enzymology.
|
| 650 |
|
7 |
|a SCIENCE
|x Life Sciences
|x Anatomy & Physiology.
|2 bisacsh
|
| 650 |
|
7 |
|a Enzymology.
|2 fast
|0 (OCoLC)fst00913635
|
| 655 |
|
4 |
|a Electronic books.
|
| 655 |
|
7 |
|a Electronic books.
|2 lcgft
|
| 700 |
1 |
|
|a Christov, Christo.
|
| 700 |
1 |
|
|a Karabencheva-Christova, Tatyana.
|
| 830 |
|
0 |
|a Advances in protein chemistry and structural biology ;
|v v. 87.
|x 1876-1623
|
| 856 |
4 |
0 |
|u https://www.sciencedirect.com/science/bookseries/18761623/87
|z Full Text via HEAL-Link
|